Countries with a World Chess Champion* - Statistics

General Stats
  • This quiz has been taken 836 times
  • The average score is 13 of 18
Answer Stats
Country % Correct
Russia
99%
United States
99%
India
96%
Norway
94%
France
93%
Germany
93%
Spain
93%
Soviet Union
91%
United Kingdom
90%
Ukraine
76%
Austria-Hungary
74%
Cuba
73%
Netherlands
69%
Bulgaria
59%
Uzbekistan
41%
Prussia
29%
Naples
17%
Sicily
17%
No matching quizzes found
Score Distribution
Percent of People with Each Score
Percentile by Number Answered
Your Score History
You have not taken this quiz